| 000 | 00384nam a22001697a 4500 | ||
|---|---|---|---|
| 003 | SGT | ||
| 020 | _a9789354666728 | ||
| 082 |
_a618.92 _bO24S |
||
| 100 | _aSHARMA, MANOJ KUMAR | ||
| 245 | _aOSCE CLINICAL PEDIATRICS | ||
| 250 | _a2ND | ||
| 260 |
_aNEW DELHI, _bCBS. PUB. _c2024 |
||
| 300 | _a518 | ||
| 650 | _aPEDIATRICS | ||
| 653 | _aOSCE CLINICAL PEDIATRICS | ||
| 942 |
_2ddc _cBK |
||
| 999 |
_c34736 _d34736 |
||